000
00318 a2200109 4500
001
ART_33051
005
20260410161926.0
008
260409a
245
1
0
_a
Swaps de tipo de cambio y su aplicación en Argentina
100
1
_a
Mattar, Valeria
773
0
_t
Lecturas
_g
- Nº 13 (ene. 2009)
_w
REV19328
999
_c
28184
_d
28184